000 00659nam a2200193 4500
001 136401
003 ES-MaACL
005 20250627063646.0
007 t|
008 070214s1946 sp r ||||1| cat d
100 1 _aRusiñol, Santiago,
_d1861-1931
_9241043
245 1 2 _aL'auca del senyor Esteve /
_cSantiago Rusiñol ; ab redolins dibuixants per en Ramon Casas y escrits per en Gabriel Alomar.
260 _aBarcelona :
_bSurco,
_c1946.
300 _a231 p. :
_bil. ;
_c20 cm +
_e1 lám. col. pleg.
700 1 _aCasas, Ramón.
_936209
700 1 _aAlomar, Gabriel.
_920175
852 _aES-MaACL
_jC-4131
_bR.23045
999 _c136401
_d136401